000
00306 a2200157 4500
001
164104
020
_a
040
_c
Magnum
100
_a
Carvalho, Andre
240
1
0
_a
Adolescencia
_l
por
245
1
0
_a
Adolescencia
362
0
_a
1899
440
1
_a
LĂȘ
697
_a
EDUCACAO FAMILIAR
942
_c
BK
999
_c
164104
_d
164104